00673nam a2200169 i 4500001000700000003000900007005001700016007000300033008004100036245019800077260005700275300002200332700004200354700002200396700006400418852002100482146031ES-MaACL20260127062547.0t|071018s1930 sp ||||1| spa d00aVelada en honor de Benito Espinosa celebrada en la Real Academia de Jurisprudencia y Legislación la noche del 21 de febrero de 1927 y organizada por el Excmo. Sr. Don Mario Méndez Bejarano. aMadrid : b[s.n.], c1930 (fImp. de José Murillo) a118 p. ; c20 cm.1 aMéndez Bejarano, Mario, d1857-19311 aEspinosa, Benito. aReal Academia de Jurisprudencia y Legislación de España aES-MaACLjB-4022